000 00659nam a2200265Ia 4500
005 20260121161402.0
008 008 260114s9999 xx 000 0 eng d
020 _a9780429163043
037 _aEBOOK
040 _aCRL
040 _beng
040 _cCRL
041 _2eng
041 _aeng
084 _qCRL
100 _aNanoscale Networking and Communications Handbook
_91043952
245 0 _aJohn R. Vacca
260 _bTaylor and Francis
260 _c2020
650 _aComputer Engineering
_91043953
856 _uhttp://www.taylorfrancis.com/books/9780429163043
942 _cEBOOK
999 _c1610382
_d1610382